Taylor Swift - I Can See You Lyrics - Statistics

General Stats
  • This quiz has been taken 197 times
  • The average score is 337 of 420
Answer Stats
Answer % Correct
I
100%
You
99%
you
99%
a
95%
can
95%
see
95%
the
94%
me
93%
do
92%
do?
92%
if
92%
oh
91%
Oh
91%
what
91%
What
91%
we
89%
would
89%
and
88%
And
88%
hall
87%
in
86%
to
84%
down
81%
with
81%
don't
80%
it
80%
So
80%
Then
80%
never
79%
up
79%
my
78%
now?
78%
your
78%
could
77%
made
77%
they
77%
They
77%
on
76%
out?
76%
think
76%
touch
76%
us
76%
wall
76%
against
75%
found
75%
for
74%
hallway
74%
sound?
74%
knew
73%
Wait
73%
went
73%
that
72%
That
72%
brush
71%
But
71%
but
71%
'Cause
71%
only
71%
past
71%
not
70%
waitin'
70%
ever
69%
yeah
69%
Baby
68%
baby
68%
keep
68%
from
67%
it's
67%
quiet
67%
as
64%
suit
63%
won't
63%
"Meet
62%
note
61%
things
61%
tonight"
61%
I've
60%
sayin'
60%
tell
60%
yet
60%
necktie
59%
secret
59%
best
58%
like
58%
mission
58%
Passed
58%
addiction
57%
everything
57%
happened
57%
haven't
57%
kiss
57%
somethin'
57%
half
56%
been
55%
know
55%
professional
55%
watchin'
55%
inside
54%
want
54%
ages
53%
being
53%
head
53%
kept
53%
changed
51%
floor
51%
myself
51%
'til
51%
ya
51%
believe
49%
eyes
49%
make
49%
will
49%
behaving
48%
fast
48%
jacket
48%
move
47%
even
46%
more
46%
something's
46%
tryin'
46%
feel
45%
time
44%
away
43%
start
41%
Uh
40%
uh
40%
throw
39%
Hide
38%
watchful
37%
spend
36%
No matching quizzes found
Score Distribution
Percent of People with Each Score
Percentile by Number Answered
Your Score History
You have not taken this quiz